Shorter Encyclopedia of Legal Terms/ (Record no. 188877)

MARC details
000 -LEADER
fixed length control field 00520nam a22001817a 4500
005 - DATE AND TIME OF LATEST TRANSACTION
control field 20220607104941.0
010 ## - LCCN (DPL NO)
LC control number ENG-133056
020 ## - INTERNATIONAL STANDARD BOOK NUMBER
International Standard Book Number 9789380087016
Terms of availability 495.00
035 ## - SYSTEM CONTROL NUMBER
System control number EN-116588
037 ## - SOURCE OF ACQUISITION
Source of stock number/acquisition DBAD/PUB
082 ## - DEWEY DECIMAL CLASSIFICATION NUMBER
Classification number 340.5
100 ## - MAIN ENTRY--PERSONAL NAME
Personal name Acharya, N.K.
245 ## - TITLE STATEMENT
Title Shorter Encyclopedia of Legal Terms/
Statement of responsibility, etc N.K. Acharya's
260 ## - PUBLICATION, DISTRIBUTION, ETC. (IMPRINT)
Place of publication, distribution, etc Hyderabad
Name of publisher, distributor, etc Asia Law House
Date of publication, distribution, etc 2009
270 ## - ADDRESS
Address Opp.I.O.B., Bank Street
City Hyderabad
Postal code 500095
300 ## - PHYSICAL DESCRIPTION
Extent 824p.
Dimensions 23cm(pbk)
942 ## - ADDED ENTRY ELEMENTS (KOHA)
Source of classification or shelving scheme Dewey Decimal Classification
Item type English Books
Call number suffix ACH
Classification part 340.5
Holdings
Withdrawn status Lost status Not for loan Collection code Home library Current library Date acquired Source of acquisition Cost, normal purchase price Full call number Barcode Copy number Cost, replacement price Koha item type
      Non-fiction Ashok Vihar Ashok Vihar 07/06/2022 DBAD/PUB 495.00 340.5 ACH EN-116588 1 495.00 English Books

© Delhi Public Library
Hit Counter
free hit counter